| 000 | 00448nam a2200169 a 4500 | ||
|---|---|---|---|
| 001 | 1262 | ||
| 005 | 20140414131921.0 | ||
| 008 | 041206s19uu xx 00 eng d | ||
| 050 |
_aER _bSn6 1998 |
||
| 245 | _aSnow White and the seven dwarfs. | ||
| 260 |
_aU. S. A. : _bWalt Disney Productions, _c1998. |
||
| 300 | _a1 v. p. : ill. ; cm. | ||
| 440 | _aWalt Disney's. | ||
| 650 | _aFairy tales. | ||
| 650 | _aChildren stories. | ||
| 999 |
_c111750 _d111750 |
||